000 01033cam a22002532 4500
001 12825
003 BD-RjUL
005 20211208235348.0
008 140129s1966 enka 000 0 eng
035 _a(BD-RjUL)12875
_aOCLC ocm01962333 from D970715M
040 _aDLC
_cCSU
_dOCL
_dUKM
_dEQO
_dBD-RjUL
_beng
041 1 _aengrus
082 0 0 _a620.112076
_bBEP 1966
100 1 _aBeli͡aev, N. M.,
_q(Nikolaĭ Mikhaĭlovich),
_d1890-1944.
_939962
245 1 0 _aProblems in strength of materials /
_cby N. M. Belyayev. Translated by W. U. Sirk. English translation edited by R. Kitching.
250 _a1st ed.
260 _aOxford ;
_aNew York :
_bPergamon Press,
_c1966.
300 _axiv, 531 p. :
_bill. ;
_c22 cm.
500 _aTranslation of (transliterated: Sbornik zadach po soprotivienii͡u materialov)
500 _a"Companion to the [author's] text book Strength of materials ... (12th edition 1959)"
650 0 _aStrength of materials
_xProblems, exercises, etc.
_939963
942 _2ddc
_cBK
999 _c12825
_d12825